000 00532nam a2200181Ia 4500
008 151018s9999 xx 000 0 und d
082 _bRBASDV11454
_a891.463
100 _aरा ह दातार
245 _aप्रेमबंधन
250 _b1
260 _bसुरस ग्रंथमाला
_c1929
300 _a327
600 _aरा ह दातार
630 _aप्रेमबंधन
700 _aरा ह दातार
730 _aप्रेमबंधन
942 _cBOOK
999 _c1013797
_d1013794